书目信息 |
| 题名: |
列宁论苏维埃俄国社会主义经济建设
|
|
| 作者: | 中共中央马克思恩格斯列宁斯大林著作编译局编 | |
| 分册: | ||
| 出版信息: | 北京 人民出版社 1979.09 |
|
| 页数: | 294页 | |
| 开本: | 20cm | |
| 丛书名: | ||
| 单 册: | ||
| 中图分类: | A328 | |
| 科图分类: | ||
| 主题词: | 斯大林著作--单行本 | |
| 电子资源: | ||
| ISBN: | ||
| 000 | 00705nam0 2200193 45 | |
| 001 | 0306240987 | |
| 005 | 20060817174944.26 | |
| 010 | @dCNY0.65 | |
| 091 | @a1001.1174 | |
| 100 | @a20030624d1979 km y0chiy0120 ea | |
| 101 | 0 | @achi@crus |
| 200 | 1 | @a列宁论苏维埃俄国社会主义经济建设@ALie Ning Lun Su Wei Ai E Guo She Hui Zhu Yi Jing Ji Jian She@f中共中央马克思恩格斯列宁斯大林著作编译局编@FZhong Gong Zhong Yang Ma Ke Si En Ge Si Lie Ning Si Da Lin Zhu Zuo Bian Yi Ju Bian |
| 210 | @a北京@c人民出版社@d1979.09 | |
| 215 | @a294页@d20cm | |
| 606 | 0 | @a斯大林著作@x单行本 |
| 690 | @aA328@v3 | |
| 710 | 02 | @a中共中央马克思恩格斯列宁斯大林著作编译局@4编 |
| 801 | @aCN@bTSTC@c20060817 | |
| 905 | @f1@b19979@dA328@e1 | |
| 列宁论苏维埃俄国社会主义经济建设/中共中央马克思恩格斯列宁斯大林著作编译局编.-北京:人民出版社,1979.09 |
| 294页;20cm |
| ISBN :CNY0.65 |
| ● |
| 相关链接 |
|
|
|
|
正题名:列宁论苏维埃俄国社会主义经济建设
索取号:A328/1
 
预约/预借
| 序号 | 登录号 | 条形码 | 馆藏地/架位号 | 状态 | 备注 |
| 1 | 0019979 | 001799325 | 第一样本阅览室/ [索取号:A328/1] | 在馆 | |
| 2 | 0424356 | 204243568 | 密集书库/ [索取号:A328/1] | 在馆 | |
| 3 | 0439850 | 204398507 | 密集书库/ [索取号:A328/1] | 在馆 | |
| 4 | 0448717 | 204487171 | 密集书库/ [索取号:A328/1] | 在馆 | |
| 5 | 0465535 | 204655355 | 密集书库/ [索取号:A328/1] | 在馆 |